000 00548nam a2200217Ia 4500
003 OSt
005 20250714165431.0
008 210210b1999 xxu||||| |||| 00| 0 eng d
020 _a8176630373
040 _cAL
082 _a657.42 JAIC
100 _aJain S P
_9218682
245 _aCost accounting
_b: principles and practice Rev Ed 15
250 _a15
260 _aNew Delhi
_bKalyani Publishers
_c1999
300 _axvi,V396
690 _aCost Accounting
_9218691
700 _aNarang K L
_9218692
906 _a054689
942 _2ddc
_cBK
999 _c102043
_d102043